<?xml version="1.0" encoding="UTF-8"?>
<record
    xmlns:xsi="http://www.w3.org/2001/XMLSchema-instance"
    xsi:schemaLocation="http://www.loc.gov/MARC21/slim http://www.loc.gov/standards/marcxml/schema/MARC21slim.xsd"
    xmlns="http://www.loc.gov/MARC21/slim">

  <leader>01842nam a2200289Ia 4500</leader>
  <controlfield tag="001">C9474</controlfield>
  <controlfield tag="003">IT-RoPAU</controlfield>
  <controlfield tag="008">130308s9999    xx            000 0 und d</controlfield>
  <datafield tag="040" ind1=" " ind2=" ">
    <subfield code="a">IT-RoPAU</subfield>
  </datafield>
  <datafield tag="040" ind1=" " ind2=" ">
    <subfield code="c">IT-RoPAU</subfield>
  </datafield>
  <datafield tag="041" ind1=" " ind2=" ">
    <subfield code="a">ITALIANO</subfield>
  </datafield>
  <datafield tag="100" ind1=" " ind2=" ">
    <subfield code="a">Gandini Leonardo</subfield>
  </datafield>
  <datafield tag="100" ind1=" " ind2=" ">
    <subfield code="g">Codice Aut. SPICS: 21334</subfield>
  </datafield>
  <datafield tag="245" ind1=" " ind2=" ">
    <subfield code="a">Immagine della citt&#xE0; americana nel cinema hollywoodiano (1927-1932) (L')</subfield>
  </datafield>
  <datafield tag="245" ind1=" " ind2=" ">
    <subfield code="b">Immagine della Citta' Americana nel Cinema hollywoodiano (1927-1932) (L')</subfield>
  </datafield>
  <datafield tag="250" ind1=" " ind2=" ">
    <subfield code="a">1a ed.</subfield>
  </datafield>
  <datafield tag="260" ind1=" " ind2=" ">
    <subfield code="a">BOLOGNA</subfield>
  </datafield>
  <datafield tag="260" ind1=" " ind2=" ">
    <subfield code="b">Clueb</subfield>
  </datafield>
  <datafield tag="260" ind1=" " ind2=" ">
    <subfield code="c">1994 [1&#xB0; Ed.:1994 - Ed.Ling.Originale:1994]</subfield>
  </datafield>
  <datafield tag="300" ind1=" " ind2=" ">
    <subfield code="a">"288 p. (prefazione: no ; testo: 288 [pagine: 0-0])"</subfield>
  </datafield>
  <datafield tag="500" ind1=" " ind2=" ">
    <subfield code="a">Citt&#xE0;. Cultura di Massa e mezzi di Comunicazione. Cinema tra muto e Sonoro. Cinema e Citta': Alcune Osservazioni di Metodo. Citt&#xE0; Muta: Frammentariet&#xE0; dell'ambiente Urbano, Dinamismo Sovversivo, Claustrofobie, Spedy tra Nomadismo e Stanzialit&#xE0;, Denominatori comuni dell'iconografia Urbana. Citt&#xE0; della Malavita: Dinamismo Fisico e Mobilit&#xE0; Sociale, Banditi da Strada, Contrasti Urbani, spazi della Solitudine, Frammenti Domestici, Costruzione degli Ambienti. ricchezza e Sradicamento: Carceri Sterminate, solitudine e Superiorit&#xE0;, Dicotomie Urbane, Casa Come tetto Riparatore, Disgregazione Domestica. Arivare in Citta': Iniziazioni Urbane, Citt&#xE0; Immorale, Alienazione della metropoli moderna, piaghe della Citt&#xE0;. integrazione Urbana: Citt&#xE0; Dall'Alto, sfera Domestica, Percorsi Modello e Deviazioni. visioni Alternative. Mappa di luoghi Urbani Rappresentativi. Schede e Note Critiche di vari Film di Ambientazione urbana realizzati Negli Anni 20 e 30, importanti per la Definizione della Citt&#xE0; Hollywoodiana.</subfield>
  </datafield>
  <datafield tag="650" ind1=" " ind2=" ">
    <subfield code="a">SAGGI SUL CINEMA</subfield>
  </datafield>
  <datafield tag="650" ind1=" " ind2=" ">
    <subfield code="e">Codice materia Spics: 6811</subfield>
  </datafield>
  <datafield tag="942" ind1=" " ind2=" ">
    <subfield code="c">BK</subfield>
  </datafield>
  <datafield tag="957" ind1=" " ind2=" ">
    <subfield code="7">1</subfield>
  </datafield>
  <datafield tag="999" ind1=" " ind2=" ">
    <subfield code="c">93513</subfield>
    <subfield code="d">93513</subfield>
  </datafield>
  <datafield tag="999" ind1=" " ind2=" ">
    <subfield code="g">1</subfield>
  </datafield>
  <datafield tag="952" ind1=" " ind2=" ">
    <subfield code="0">0</subfield>
    <subfield code="1">0</subfield>
    <subfield code="4">0</subfield>
    <subfield code="6">C_000000000000000_9474</subfield>
    <subfield code="7">1</subfield>
    <subfield code="a">SPICS</subfield>
    <subfield code="b">SPICS</subfield>
    <subfield code="d">2013-03-08</subfield>
    <subfield code="l">0</subfield>
    <subfield code="o">C9474</subfield>
    <subfield code="r">2013-03-08 00:00:00</subfield>
    <subfield code="w">2013-03-08</subfield>
    <subfield code="y">BK</subfield>
    <subfield code="z">Progressivo inserimento:  40586 /  N. Volumi: 1 Copie: 1  / data import: 1 marzo 2013 - By Epidotti, Trombetti, Vaglietti. </subfield>
  </datafield>
</record>
